000 00578nam a2200205 a 4500
005 20210219152825.0
008 991125n 000 0 eng u
035 _aUPN01000062471
100 _aGILLESPIE, Gerald
222 _aJOURNAL OF GENERAL EDUCATION
245 _aAcademic freedom and the pursuit of comparative literature
300 _a265-276
362 _a1978 29, no. 4 invierno
653 0 _aINSTITUCIONES EDUCATIVAS
653 0 _aLIBERTAD ACADEMICA
653 0 _aREFORMA EDUCATIVA
653 0 _aUNIVERSIDADES
904 _aAC
_b000282
905 _aArticulo
999 _c61733
_d61733